| 000 | 00639cam a22002413a 4500 | ||
|---|---|---|---|
| 001 | 10218 | ||
| 003 | PGUSA | ||
| 005 | 20140828083221.0 | ||
| 008 | 031101s2003||||xxu|||||s|||||000 | eng d | ||
| 040 |
_aPGUSA _beng |
||
| 042 | _adc | ||
| 050 | 4 | _aSB | |
| 050 | 4 | _aQK | |
| 100 | 1 |
_aBrandt, G. N. _q(Gudmund Nyeland), _d1878-1945 |
|
| 245 | 1 | 0 |
_aStauder _h[electronic resource] / _cG. N. Brandt |
| 260 |
_bProject Gutenberg, _c2003 |
||
| 506 | _aPublic domain in the USA. | ||
| 516 | _aElectronic text | ||
| 653 | _aPerennials | ||
| 830 | 0 |
_aProject Gutenberg _v10218 |
|
| 856 | 4 | 0 | _uhttp://www.gutenberg.org/ebooks/10218 |
| 942 | _cEB | ||
| 999 |
_c239473 _d239473 |
||